<?xml version="1.0" encoding="UTF-8"?>
<record
    xmlns:xsi="http://www.w3.org/2001/XMLSchema-instance"
    xsi:schemaLocation="http://www.loc.gov/MARC21/slim http://www.loc.gov/standards/marcxml/schema/MARC21slim.xsd"
    xmlns="http://www.loc.gov/MARC21/slim">

  <leader>00699nam a22001937a 4500</leader>
  <datafield tag="999" ind1=" " ind2=" ">
    <subfield code="c">7415</subfield>
    <subfield code="d">7415</subfield>
  </datafield>
  <controlfield tag="005">20211122144119.0</controlfield>
  <controlfield tag="008">211122b           ||||| |||| 00| 0 eng d</controlfield>
  <datafield tag="020" ind1=" " ind2=" ">
    <subfield code="a">9788408249184</subfield>
  </datafield>
  <datafield tag="040" ind1=" " ind2=" ">
    <subfield code="a">CDMR</subfield>
  </datafield>
  <datafield tag="100" ind1=" " ind2=" ">
    <subfield code="9">4714</subfield>
    <subfield code="a">Lafuente, Isa&#xED;as</subfield>
  </datafield>
  <datafield tag="245" ind1=" " ind2=" ">
    <subfield code="a">Clara Victoria: </subfield>
    <subfield code="b">la cr&#xF3;nica del debate que cambi&#xF3; la historia de las mujeres</subfield>
    <subfield code="c">/ Isa&#xED;as Lafuente; [Helena P&#xE9;rez Garc&#xED;a ilustradora]</subfield>
  </datafield>
  <datafield tag="260" ind1=" " ind2=" ">
    <subfield code="a">Barcelona: </subfield>
    <subfield code="b">Planeta, </subfield>
    <subfield code="c">2021</subfield>
  </datafield>
  <datafield tag="300" ind1=" " ind2=" ">
    <subfield code="a">281 p&#xE0;gines : </subfield>
    <subfield code="b">il&#xB7;lustracions; </subfield>
    <subfield code="c">26 cm</subfield>
  </datafield>
  <datafield tag="600" ind1=" " ind2="0">
    <subfield code="9">4717</subfield>
    <subfield code="a">Campoamor, Clara</subfield>
  </datafield>
  <datafield tag="600" ind1=" " ind2="0">
    <subfield code="9">4718</subfield>
    <subfield code="a">Kent, Victoria</subfield>
  </datafield>
  <datafield tag="650" ind1=" " ind2="0">
    <subfield code="9">2913</subfield>
    <subfield code="a">Dones periodistes</subfield>
    <subfield code="z">Espanya</subfield>
    <subfield code="x">Biografia</subfield>
  </datafield>
  <datafield tag="650" ind1=" " ind2="0">
    <subfield code="9">4715</subfield>
    <subfield code="a">Dones</subfield>
    <subfield code="x">Sufragi</subfield>
    <subfield code="z">Espanya</subfield>
    <subfield code="y">Segle XX</subfield>
  </datafield>
  <datafield tag="942" ind1=" " ind2=" ">
    <subfield code="2">udc</subfield>
    <subfield code="c">MON</subfield>
  </datafield>
  <datafield tag="952" ind1=" " ind2=" ">
    <subfield code="0">0</subfield>
    <subfield code="1">0</subfield>
    <subfield code="2">udc</subfield>
    <subfield code="4">0</subfield>
    <subfield code="7">0</subfield>
    <subfield code="a">CDMR</subfield>
    <subfield code="b">CDMR</subfield>
    <subfield code="d">2021-11-22</subfield>
    <subfield code="e">Donaci&#xF3;</subfield>
    <subfield code="g">18.90</subfield>
    <subfield code="l">1</subfield>
    <subfield code="m">1</subfield>
    <subfield code="o">Bk /90</subfield>
    <subfield code="p">CDMR21110031</subfield>
    <subfield code="r">2023-05-18</subfield>
    <subfield code="s">2022-02-17</subfield>
    <subfield code="w">2021-11-22</subfield>
    <subfield code="y">MON</subfield>
  </datafield>
</record>
